Michael Jordan NBA Finals Victims: ALL STARS ONLY - Statistics

General Stats
  • This quiz has been taken 1,755 times
  • The average score is 10 of 22
Answer Stats
Team Answer % Correct
Jazz Karl Malone
93%
Lakers Magic Johnson
93%
Jazz John Stockton
92%
Suns Charles Barkley
88%
Suns Kevin Johnson
88%
Blazers Clyde Drexler
87%
Sonics Gary Payton
82%
Lakers James Worthy
77%
Sonics Shawn Kemp
74%
Jazz Jeff Hornacek
34%
Sonics Detlef Schrempf
28%
Blazers Terry Porter
28%
Lakers A.C. Green
25%
Suns Dan Majerle
24%
Lakers Vlade Divac
24%
Suns Tom Chambers
18%
Blazers Cliff Robinson
16%
Blazers Buck Williams
15%
Blazers Danny Ainge
15%
Blazers Kevin Duckworth
15%
Sonics Hersey Hawkins
9%
Suns Cedric Ceballos
8%
No matching quizzes found
Score Distribution
Percent of People with Each Score
Percentile by Number Answered
Your Score History
You have not taken this quiz